000 00727nam a2200265Ia 4500
001 dia_2758
003 CHAP
005 20230310132231.0
008 220117s1984 xx 000 0 und d
010 _a173259
040 _cCHAP
082 _a664.07 M3
100 _aMackey, Andrea C.
_9153448
245 _aEvaluación Sensorial de los Alimentos /
_c por Andrea C. Mackey
260 _aSan Felipe- Venezuela, CIEPE
_c1984
300 _a136P.
400 _aSERIE MANUALES, 2
500 _aFot.
650 _aAlimentos
_xanálisis
_94164
650 _aAlimentos
_xsabor
_94279
901 _a664.07 M3
902 _aM
905 _a0000001984 VENA 0000000000ESP00
942 _cLIBRO
_2ddc
999 _c173259
_d173259